Gaming Quiz

Random Gaming Quiz
Score 0/10 Timer 05:00
0 Plays Today
% Correct
Wild Wasteland
86.7%
Four Eyes
76.2%
Small Frame
67.1%
Good Nature
60.1%
Kamikaze
57.3%
Heavy Handed
46.9%
Trigger Discipline
39.2%
Built to Destroy
34.3%
Fast Shot
31.5%
Loose Cannon
23.8%
Remove Ads.
Support Sporcle.
Get the best of Sporcle when you Go Orange. This ad-free experience offers more features, more stats, and more fun while also helping to support Sporcle. Thank you for becoming a member.

You're not logged in!

Compare scores with friends on all Sporcle quizzes.
OR
Log In

Show Comments

Extras

Created Nov 17, 2010SourceReportNominate
Tags:fallout

Top Quizzes Today


Score Distribution

Your Account Isn't Verified!

In order to create a playlist on Sporcle, you need to verify the email address you used during registration. Go to your Sporcle Settings to finish the process.

Report this User

Report this user for behavior that violates our Community Guidelines.

Details: